Thư viện và nghề thư viện : Tuyển tập bài viết, tham luận về thư viện và sinh hoạt thư viện

Cuốn sách là tập hợp những bài viết, tham luận, khảo cứu có giá trị nhất để xuất bản thành một tuyển tập nhằm tôn vinh giá trị tinh thần của những người tiên phong và những chuyên gia có tâm huyết với ngành Thông tin Thư viện nước nh...

Descripció completa

Guardat en:
Dades bibliogràfiques
Autor principal: Nguyễn Minh Hiệp
Format: Llibre
Idioma:Vietnamese
Publicat: Tp. Hồ Chí Minh Văn hóa thông tin 2013
Matèries:
Etiquetes: Afegir etiqueta
Sense etiquetes, Sigues el primer a etiquetar aquest registre!
Thư viện lưu trữ: Thư viện Trường Đại học Nam Cần Thơ
LEADER 01216nam a22001817a 4500
001 NCT_78514
008 200423b xxu||||| |||| 00| 0 vie d
999 |c 3830  |d 3830 
082 0 4 |2 23rd ed.  |a 020  |b H307 
100 1 |a Nguyễn Minh Hiệp 
245 1 0 |a Thư viện và nghề thư viện :  |b Tuyển tập bài viết, tham luận về thư viện và sinh hoạt thư viện  |c Nguyễn Minh Hiệp(chủ biên), nhiều tác giả 
260 |a Tp. Hồ Chí Minh  |b Văn hóa thông tin  |c 2013 
300 |a 499 tr.  |b Minh họa  |c 29cm 
520 3 |a Cuốn sách là tập hợp những bài viết, tham luận, khảo cứu có giá trị nhất để xuất bản thành một tuyển tập nhằm tôn vinh giá trị tinh thần của những người tiên phong và những chuyên gia có tâm huyết với ngành Thông tin Thư viện nước nhà. 
653 |a Thông tin thư viện 
942 |2 ddc  |c BK 
952 |0 0  |1 0  |2 ddc  |4 0  |6 020_000000000000000_H307  |7 0  |9 19450  |a 000001  |b 000001  |d 2020-04-23  |o 020 H307  |p TK.01254  |r 2020-04-23  |w 2020-04-23  |y BK 
980 |a Thư viện Trường Đại học Nam Cần Thơ